000 00249 a2200097 4500
001 54759
100 _aFarhat Ishtiaq
245 _aDil say niklien hain jo lafz
260 _aKarachi
_bKhawateen Digest, Karachi
_c2006
090 _c33967
_d33967
942 _aNUST-CAE
_cMONOGRAPH
_c26632
999 _c289832
_d289832